| Tag |
First Indicator |
Second Indicator |
Subfields |
| LEADER |
00000cam a2200000 a 4500 |
| 001 |
in00001037372 |
| 005 |
20150928152510.0 |
| 008 |
860515s1986 enkaf b 000 0 eng d |
| 020 |
|
|
|a 0850456797 :
|c $7.95
|
| 035 |
|
|
|a (OCoLC)13571849
|
| 035 |
|
|
|9 AFH3725AM
|
| 040 |
|
|
|a VPL
|c VPL
|d m/c
|d TXA
|d UtOrBLW
|
| 049 |
|
|
|a TXAS [mil]
|
| 090 |
|
|
|a UC483.5
|b .K28 1986
|
| 092 |
|
|
|a 355.310973
|b K19ac
|
| 100 |
1 |
|
|a Katcher, Philip R. N.
|
| 245 |
1 |
0 |
|a American Civil War armies (1) :
|b Confederate artillery, cavalry and infantry /
|c text by Philip Katcher ; colour plates by Ron Volstad.
|
| 264 |
|
1 |
|a London :
|b Osprey,
|c 1986
|
| 264 |
|
3 |
|c 1990 printing
|
| 300 |
|
|
|a 48 pages, 8 unnumbered pages of plates :
|b illustrations (some color) ;
|c 25 cm.
|
| 336 |
|
|
|a text
|b txt
|2 rdacontent
|
| 337 |
|
|
|a unmediated
|b n
|2 rdamedia
|
| 338 |
|
|
|a volume
|b nc
|2 rdacarrier
|
| 490 |
1 |
|
|a Men-at-arms series ;
|v 170
|
| 504 |
|
|
|a Bibliography: page 48.
|
| 610 |
1 |
0 |
|a Confederate States of America.
|b Army
|x Uniforms.
|
| 651 |
|
0 |
|a United States
|x History
|y Civil War, 1861-1865
|x Regimental histories.
|
| 700 |
1 |
|
|a Volstad, Ron.
|
| 830 |
|
0 |
|a Men-at-arms series ;
|v 170.
|
| 999 |
|
|
|a MARS
|
| 999 |
f |
f |
|s c1654c8e-3b07-3a88-a494-6814fa41e6d0
|i 0e528d39-cc5a-3967-b4d9-b4ef98b16df8
|t 0
|
| 952 |
f |
f |
|p noncirc
|a Texas A&M University
|b College Station
|c Cushing Memorial Library & Archives
|d Cushing: Ragan Military (Does not check out)
|t 0
|e UC483.5 .K28 1986
|h Library of Congress classification
|i unmediated -- volume
|
| 998 |
f |
f |
|a UC483.5 .K28 1986
|t 0
|l Cushing: Ragan Military (Does not check out)
|